| 000 | 00837nam a22002057a 4500 | ||
|---|---|---|---|
| 999 |
_c5396 _d5396 |
||
| 003 | AR-CdUCM | ||
| 008 | 190312b ||||| |||| 00| 0 spa d | ||
| 040 |
_aMUNICIPALIDAD PROVINCIAL DEL CUSCO _cBIBLIOTECA MUNICIPAL DEL CUSCO |
||
| 082 |
_a982.03 / _bB47 |
||
| 100 |
_aBidondo, Emilio A _916262 |
||
| 245 | _aLa guerra de la independencia en el norte de argentino / | ||
| 260 |
_aBuenos Aires : _bUniversitaria, _c1976. |
||
| 300 |
_a306 paginas ; _c23 cm. |
||
| 505 | _aContenido : La provincia de Jujuy a comienzos del siglo XIX -- Breve descripción geográfica -- La llanura subtropical y trópica -- El valle central ... | ||
| 650 |
_aLucha por la independencia de Argentina _916263 |
||
| 650 |
_aHistoria y geografía de Argentina _916264 |
||
| 650 |
_aHistoria Latinoamericana _912945 |
||
| 942 |
_2ddc _cLIBROS |
||
| 945 | _arah | ||